000 00584cam a22002053a 4500
001 43581
003 PGUSA
005 20140828084006.0
008 130827s2013||||xxu|||||s|||||000 | eng d
040 _aPGUSA
_beng
042 _adc
100 1 _aWilder, Gerrit Parmile
245 1 0 _aFruits of the Hawaiian Islands
_h[electronic resource] /
_cGerrit Parmile Wilder
260 _bProject Gutenberg,
_c2013
506 _aPublic domain in the USA.
516 _aElectronic text
830 0 _aProject Gutenberg
_v43581
856 4 0 _uhttp://www.gutenberg.org/ebooks/43581
942 _cEB
999 _c272832
_d272832